Orange Bowl Game Participants - Statistics

General Stats
  • This quiz has been taken 51 times
  • The average score is 37 of 54
Answer Stats
# Season(s) Conf. Answer Record % Correct
4 1966, 1998, 2001, 2019 SEC Florida 4-0
100%
10 1979, 1980, 1992, 1993, 19952000, 2003, 2005, 2012, 2016 ACC Florida State 5-5
100%
10 1934, 1945, 1950, 1983, 19871988, 1991, 1994, 2003, 2017 ACC Miami 6-4
100%
17 1954, 1963, 1965, 1970, 19711972, 1978, 1981, 1982, 1983 1988, 1991, 1992, 1993, 1994 1996, 1997 Big Ten Nebraska 8-9
100%
20 1938, 1953, 1955, 1957, 19581962, 1967, 1975, 1977, 1978 1979, 1980, 1984, 1985, 1986 1987, 2000, 2004, 2015, 2018 Big 12 Oklahoma 12-8
100%
5 1938, 1946, 1967, 1997, 2022 SEC Tennessee 2-3
100%
9 1942, 1952, 1962, 1964, 19651971, 1974, 1999, 2018 SEC Alabama 5-4
96%
2 1937, 1963 SEC Auburn 1-1
96%
5 1943, 1961, 1970, 1973, 1982 SEC LSU 2-3
96%
2 1976, 2013 Big Ten Ohio State 1-1
96%
2 1948, 1964 Big 12 Texas 2-0
96%
7 1950, 1956, 1981, 2011, 20132015, 2022 ACC Clemson 4-3
92%
4 1941, 1948, 1959, 2021 SEC Georgia 3-1
92%
4 1975, 1999, 2016, 2021 Big Ten Michigan 1-3
92%
5 1972, 1974, 1989, 1990, 1995 Independent Notre Dame 2-3
92%
2 1943, 2020 SEC Texas A&M 1-1
92%
2 2002, 2004 Pac-12 USC 2-0
88%
1 2019 ACC Virginia 0-1
88%
4 1996, 2007, 2008, 2010 ACC Virginia Tech 1-3
88%
1 1984 Pac-12 Washington 1-0
88%
5 1968, 1969, 1973, 1985, 2005 Big Ten Penn State 4-1
83%
2 1977, 1986 SEC Arkansas 1-1
79%
5 1956, 1961, 1976, 1989, 1990 Pac-12 Colorado 2-3
79%
7 1939, 1944, 1947, 1951, 19662009, 2014 ACC Georgia Tech 4-3
79%
1 2010 Pac-12 Stanford 1-0
79%
1 1949 SEC Kentucky 0-1
75%
3 1953, 1955, 2001 Big Ten Maryland 0-3
75%
4 1939, 1959, 1960, 1969 SEC Missouri 1-3
75%
1 2020 ACC North Carolina 0-1
75%
1 1935 SEC Ole Miss 0-1
75%
3 1952, 1958, 1998 ACC Syracuse 0-3
75%
2 1954, 1957 ACC Duke 1-1
71%
2 2002, 2009 Big Ten Iowa 1-1
71%
1 2017 Big Ten Wisconsin 1-0
71%
3 1947, 1968, 2007 Big 12 Kansas 1-2
67%
1 1937 Big Ten Michigan State 0-1
67%
3 1936, 1940, 2014 SEC Mississippi State 1-2
67%
1 1942 ACC Boston College 0-1
63%
1 2006 ACC Louisville 1-0
58%
1 2006 ACC Wake Forest 0-1
58%
1 1951 Big 12 Baylor 0-1
54%
1 1941 Big 12 TCU 0-1
54%
1 2011 Big 12 West Virginia 1-0
46%
1 1960 American Navy 0-1
42%
1 2008 Big 12 Cincinnati 0-1
38%
1 2012 MAC Northern Illinois 0-1
29%
1 1946 American Rice 1-0
21%
1 1934 Patriot (FCS) Bucknell 1-0
17%
1 1936 Northeast (FCS) Duquesne 1-0
17%
1 1945 Patriot (FCS) Holy Cross 0-1
13%
1 1949 West Coast (Non-FB) Santa Clara 1-0
13%
1 1935 Landmark (DIII) Catholic 1-0
8%
1 1940 Patriot (FCS) Georgetown 0-1
8%
1 1944 American Tulsa 1-0
8%
No matching quizzes found
Score Distribution
Percent of People with Each Score
Percentile by Number Answered
Your Score History
You have not taken this quiz